000 01022nam a2200241Ia 4500
001 248.3-LAZ gi pr (10038)
003 IT-MiSPE
008 171229s9999||||xx |||||||||||||| ||und||
040 _aIT-MiSPE
_cIT-MiSPE
041 _aITALIANO
100 _aGiuseppe Lazzati
245 0 _aLa preghiera del cristiano
250 _a4a ed.
260 _aRoma
_bAVE
_c1987
300 _a175 p.
_c21 cm
490 _aGuidati dallo Spirito
_v18
501 _aEdizioni San Paolo srl - Piazza Soncino, 5 - 20092 CINISELLO BALSAMO (MI) (non commercial uses only) ® Copyright 2018
520 _aCarlo Maria Martini (pres.)
700 _aCarlo Maria Martini
942 _cBK
957 _71
999 _a11860
_bNO
_g Copie: 1
_c342876
_d342876